000 00859nam a22002654a 4500
005 20220701011048.0
008 210523s2012 ii a 000 0 eng
020 _a9843228187
040 _aDLC
_cDLC
_dBD-DhIUB
082 _222
_a394.26095492
_bF4181
245 0 0 _aFestivals of Bangladesh /
_ceditorial board, Anisuzzaman, Shamsuzzaman Khan, Syed Manzoorul Islam.
246 3 0 _aBangladesh
250 _a1st ed.
_b2nd edn 2013
260 _aDhaka :
_bNymphea Publication,
_c2013.
300 _a117 p. :
_bcol. ill. ;
_c27 x 30 cm.
526 _aschool
_lREF
650 0 _95035
_aFestivals
651 4 _9374
_aBangladesh
700 0 _aĀnisujjāmāna.
700 1 _aKhāna, Śāmasujjāmāna.
700 1 _aIsalāma, Saiẏada Manajurula.
906 _a7
_bcbc
_corigode
_d3
_encip
_f20
_gy-gencatlg
942 _2ddc
_cBK
999 _c24686
_d24645